Statistics for Country Picture Puzzle Game #8

Click here to take the quiz!

General Stats

  • This quiz has been taken 1,493 times
  • The average score is 12 of 17

Answer Stats

Hint Answer % Correct
HTML tutorial Capital city of SpainMadrid
96%
HTML tutorial United Kingdom of Great Britain and Northern _______Ireland
93%
HTML tutorial Largest island country in AfricaMadagascar
93%
HTML tutorial Capital city of TexasAustin
85%
HTML tutorial Former name for MumbaiBombay
83%
HTML tutorial Sea north of TurkeyBlack Sea
82%
HTML tutorial Common name for Huron, Superior, Michigan...The Great Lakes
76%
HTML tutorial Biggest river in HungaryDanube
74%
HTML tutorial City called Torino in its own languageTurin
71%
India
71%
HTML tutorial Largest country in Malay ArchipelagoIndonesia
69%
HTML tutorial Sea that touched YugoslaviaAdriatic Sea
65%
HTML tutorial Largest island in state of New YorkLong Island
63%
HTML tutorial Large lake on the border of Peru and BoliviaTiticaca
50%
HTML tutorial Doubly landlocked country of AsiaUzbekistan
49%
HTML tutorial Small political and administrative division of EnglandCounty
36%
HTML tutorial Lake shared by Cameroon, Chad, Niger and NigeriaChad
35%

Score Distribution

Percentile by Number Answered

Percent of People with Each Score

Your Score History

You have not taken this quiz